Statistics for AP World Map Quiz - World Event Dates

Click here to take the quiz!

General Stats

  • This quiz has been taken 29 times
    (10 since last reset)
  • The average score is 9 of 27

Answer Stats

Event/ DescriptionDates% Correct
American Revolution1776
71%
WWII Dates (Put XXXX-XXXX)1939-1945
71%
Turks Capture Constantinople1453
57%
Colombus/Reconquista1492
57%
WWI Dates (Put XXXX-XXXX)1914-1918
57%
Great Depression1930s
57%
Iranian Revolution/Soviet Invasion of Afghanistan/1979
57%
End of Soviet Union1991
57%
French Revolution1789
43%
End of the Qing Dynasty1912
43%
Bolsheviks Revolution in Russia1917
43%
Partition India/Pakistan1947
43%
Crusades begin11th century
29%
Rise of the Mongols/Silk Road revitalized-13th century
29%
Bubonic Plague- Starts in Central Asia and spread west to Europe14th century
29%
Rise of Aztecs and Incas14th century
29%
Islam Begins7th Century
29%
Protestant Reformation1517
14%
Manilla Founded - First true world trade1571
14%
Japan unified under Tokugawa Shongunate17th Century
14%
Peter the Great - westernization of Russia17th to 18th Century
14%
King Louis XIV - absolute monarchy17th to 18th Century
14%
First Industrial Revolution - England18th Century
14%
Opium Wars and Taiping Rebellion19th Century
14%
Second Ind. Rev. - Western Europe and US19th Century
14%
Chinese Commercial Revolution, Tang and Song Dynasties8th to 13th Century
14%
Great Upheaval - Mini Ice Age, Famine, 30 Years War in Europe, Switch from Ming to Qing DynastiesFirst Half of the 17th Century
14%

Score Distribution

Percentile by Number Answered

Percent of People with Each Score

Your Score History

You have not taken this quiz since the last reset